Cities on Interstate 4 - Statistics

General Stats
  • This quiz has been taken 14 times
  • The average score is 6 of 17
Answers on the Map
Answers color-coded by a green-red scale on the quiz's map according to % correct below.
 
Answer Stats
State County Answer % Correct
Florida Hillsborough Tampa
100%
Florida Orange Orlando
92%
Florida Volusia Daytona Beach
85%
Florida Volusia Deltona
54%
Florida Polk Lakeland
54%
Florida Seminole Lake Mary
23%
Florida Hillsborough Plant City
23%
Florida Seminole Sanford
23%
Florida Seminole Altamonte Springs
15%
Florida Orange Lake Buena Vista
15%
Florida Orange Maitland
15%
Florida Volusia Orange City
15%
Florida Polk Polk City
15%
Florida Orange Winter Park
15%
Florida Volusia DeBary
8%
Florida Volusia Lake Helen
8%
Florida Seminole Longwood
8%
No matching quizzes found
Score Distribution
Percent of People with Each Score
Percentile by Number Answered
Your Score History
You have not taken this quiz